01248nam a2200253 a 4500008004100000020001800041050001400059100002200073245009500095250001600190260004800206300003400254350001000288650001600298650000800314650002300322650003800345700002000383995015400403995015400557999001700711952013300728952013300861210309s1999 ||||||||||||||||| || u a9780314140777 aKB 21 Arb aO'Brien, Edward L10aStreet law: A course in practical law (6th edition)cBy Lee P. Arbetman; Edward L. O'Brien a6th edition aNew YorkbWest Educational Publishingc1999 axxx, 680 pages: illustrations a59.00 0aLIFE SKILLS aLAW aCONSUMER EDUCATION aLAW--UNITED STATES--POPULAR WORKS aArbetman, Lee P aMAIN LIBRARY OPEN ACCESSe750938FCBU-MAIN LIBRARY (Kitwe)I59.00jKB 21 ArbM1UAVAILABLEWMar 31, 2021y750938ZMain Library Open Access Collection aMAIN LIBRARY OPEN ACCESSe750939FCBU-MAIN LIBRARY (Kitwe)I59.00jKB 21 ArbM2UAVAILABLEWMar 31, 2021y750939ZMain Library Open Access Collection c76884d76884 00102lcc4070a001b001cMain Library Open Access Collectiond2023-04-25l0oKB 21 Arbp750938r2023-04-25t1w2023-04-25y002 00102lcc4070a001b001cMain Library Open Access Collectiond2023-04-25l0oKB 21 Arbp750939r2023-04-25t2w2023-04-25y002